| 000 | 00577nam a2200229Ia 4500 | ||
|---|---|---|---|
| 008 | 180523s9999 xx 000 0 und d | ||
| 020 | _a9812-53-292-7 | ||
| 050 | _aMAIN TX 950.7 | ||
| 050 | _b.K38 2009 | ||
| 100 | _aKatsigris, Costas. | ||
| 245 | 4 | _aThe Bar & beverage book / | |
| 245 | 0 | _cCostas Katsigris, Chris Thomas. | |
| 250 | _a4th Edition | ||
| 260 | _aNew Jersey : | ||
| 260 | _bJohn Wiley & Sons, | ||
| 260 | _c2009 | ||
| 300 | _a733 pages : | ||
| 300 | _billustrations ; | ||
| 300 | _c23 cm. | ||
| 500 | _aIncludes index. | ||
| 650 | _aBartending. | ||
| 999 |
_c357816 _d357816 |
||